Datum a čas kvízu
35
Celkem bodů
Celkový počet nahraných bodů na tomto kvízu bez doplňovacích otázek.
4.
Pořadí na kvízu
Konečné umístění týmu na tomto kvízu.
Zaznamenané odpovědi
| # | Otázka | Odpověď | Body | Výsledky |
|---|---|---|---|---|
| 1. | Poblíž které jihočeské obce by... | Lety | 1 | |
| 2. | Minulý týden soud osvobodil čt... | v Belgii | 0 | |
| 3. | Pravděpodobnou podobu významné... | sv. Vojtěch (Adalbert) | 1 | |
| 4. | Minulý týden jsme se dozvěděli... | Datart | 0 | |
| 5. | Který český hokejista v úterý... | Jakub Voráček | 0 | |
| 6. | Bešamelová omáčka se standardn... | muškátovým oříškem/květem | 1 | |
| 7. | Napište zakrytou značku zobraz... | Kikkoman | 0 | |
| 8. | Když se řekne omáčka, určitě s... | 15 | 1 | |
| 9. | Město Worcester dalo jméno jed... | C; čertovo lejno | 1 | |
| 10. | Jak se označuje tato omáčka (z... | holandská omáčka; vejce Benedikt | 1 |